000 00792nam a2200241Ia 4500
003 GCL
008 140319s9999 xx 000 0 ara d
040 _aGCL /
_cGCL
082 0 4 _a701.8
_bهـ ف
100 1 _aرمزى عبده جرجس
245 1 0 _aفلسفة تاريخ الفن /
_cرمزى عبده جرجس
700 1 _aهومر، ارنولد
260 _aالقاهرة :
_bالهيئة العامة للكتب والاجهزة العلمية ،
_c1968
300 _a434 ص ؛
_c24 سم
490 _aالالف كتاب
_v0
650 0 4 _aالفن
650 0 4 _aالفن الحديث
650 0 4 _aالتذوق الفنى
650 0 4 _aحضارة العصور الوسطى
650 0 4 _aالفن والمجتمع
650 0 4 _aتاريخ ونقد
942 _2ddc
_cBK
999 _c40985
_d40985